An introduction to architectural drawing /

Bibliographic Details
Main Author: Field, Wooster Bard
Format: Book
Language:English
Published: New York; London : McGraw-Hill book co., inc., 1943.
Subjects:

MARC

Tag First Indicator Second Indicator Subfields
LEADER 00000cam a2200000 4500
001 in00000022041
005 20151007063834.0
008 741210s1943 nyuaef 00010 eng u
010 |a  43006954  
035 |a (OCoLC)01106653 
035 |9 AAD8384AM 
040 |c BNG  |d OCL  |d TXA  |d UtOrBLW 
049 |a TXAM  |c 1 [378765]  |c 2 [378766]  |c 3 [378767]  |c 4 [138657]  |c 5 [141525] 
050 0 |a NA2700  |b .F52 1943 
092 |a 744.42  |b F457i2 
100 1 |a Field, Wooster Bard. 
245 1 3 |a An introduction to architectural drawing /  |c by Wooster Bard Field ... 
264 1 |a New York;  |a London :  |b McGraw-Hill book co., inc.,  |c 1943. 
300 |a vii, 245 pages including illustrations, plates, plans. ;  |c 31 cm. 
336 |a text  |b txt  |2 rdacontent 
337 |a unmediated  |b n  |2 rdamedia 
338 |a volume  |b nc  |2 rdacarrier 
500 |a "Second edition." 
650 0 |a Architectural drawing. 
650 0 |a Lettering. 
999 |a MARS 
999 f f |s 7e3aae6d-20c7-3501-8f41-147b1fe7d0a6  |i 5f4d94e5-bfb2-30a1-bea4-1805bef619e8  |t 0 
952 f f |p storage  |a Texas A&M University  |b J.J. Pickle Campus  |c High Density Repository  |d Remote Storage  |t 0  |e NA2700 .F52 1943  |h Library of Congress classification  |i unmediated -- volume  |m A14801150978 
952 f f |p ric  |a Texas A&M University  |b Rellis Campus  |c Joint Library Facility  |d Remote Storage  |t 0  |e NA2700 .F52 1943  |h Library of Congress classification  |i unmediated -- volume  |m A14801150960 
998 f f |a NA2700 .F52 1943  |t 0  |l Remote Storage 
998 f f |a NA2700 .F52 1943  |t 0  |l Remote Storage